Equipos que han ganado la UEFA Champions League - Estadísticas

Estadísticas generales
  • Esta prueba ha sido intentada 257 veces
  • La puntuación promedio es 60 de 69
Estadísticas de respuestas
Año Respuesta % Correcto
1956 Real Madrid C. F.
100%
1957 Real Madrid C. F.
100%
1958 Real Madrid C. F.
100%
1959 Real Madrid C. F.
100%
1960 Real Madrid C. F.
100%
1966 Real Madrid C. F.
100%
1998 Real Madrid C. F.
100%
2000 Real Madrid C. F.
100%
2002 Real Madrid C. F.
100%
2014 Real Madrid C. F.
100%
2016 Real Madrid C. F.
100%
2017 Real Madrid C. F.
100%
2018 Real Madrid C. F.
100%
2022 Real Madrid C. F.
100%
2024 Real Madrid C. F.
100%
2023 Manchester City F. C.
98%
1992 F. C. Barcelona
97%
2006 F. C. Barcelona
97%
2009 F. C. Barcelona
97%
2011 F. C. Barcelona
97%
2015 F. C. Barcelona
97%
1977 Liverpool F. C.
97%
1978 Liverpool F. C.
97%
1981 Liverpool F. C.
97%
1984 Liverpool F. C.
97%
2005 Liverpool F. C.
97%
2019 Liverpool F. C.
97%
1968 Manchester United F. C.
95%
1999 Manchester United F. C.
95%
2008 Manchester United F. C.
95%
1963 Milan A. C.
94%
1969 Milan A. C.
94%
1989 Milan A. C.
94%
1990 Milan A. C.
94%
1994 Milan A. C.
94%
2003 Milan A. C.
94%
2007 Milan A. C.
94%
1964 F. C. Internazionale
93%
1965 F. C. Internazionale
93%
2010 F. C. Internazionale
93%
2012 Chelsea F. C.
91%
2021 Chelsea F. C.
91%
1974 F. C. Bayern Múnich
86%
1975 F. C. Bayern Múnich
86%
1976 F. C. Bayern Múnich
86%
2001 F. C. Bayern Múnich
86%
2013 F. C. Bayern Múnich
86%
2020 F. C. Bayern Múnich
86%
1985 Juventus F. C.
85%
1996 Juventus F. C.
85%
1987 F. C. Porto
80%
2004 F. C. Porto
80%
1971 A. F. C. Ajax
77%
1972 A. F. C. Ajax
77%
1973 A. F. C. Ajax
77%
1995 A. F. C. Ajax
77%
1997 Borussia Dortmund
74%
1979 Nottingham Forest F. C.
72%
1980 Nottingham Forest F. C.
72%
1961 S. L. Benfica
71%
1962 S. L. Benfica
71%
1991 F. K. Estrella Roja
67%
1982 Aston Villa F. C.
64%
1988 P. S. V.
60%
1967 Celtic F. C.
54%
1983 Hamburgo S.V.
52%
1993 Olympique de Marsella
52%
1986 F. C. Steaua Bucurest
50%
1970 S. C. Feyenoord
46%
No se encontraron pruebas coincidentes
Distribución de puntuación
Porcentaje de gente con cada puntuación
Porcentaje por número respondido
Historial de tus puntuaciones
No has intentado esta prueba.